000 00706nam a22001337a 4500
040 _cRUA
082 _aAGR TE 2008 B035 Or.1
100 _aTE KIM SOK HENG
245 _aArthropod pests and natural enemies on cashew tree in santuk district, kampong thom province,(ប្រភេទសត្វល្អិតចង្រៃ និង សត្វល្អិតមានប្រយោជន៍លើដំណាំស្វាយចន្ទី នៅស្រុកសន្ទុក ខេត្តកំពង់ធំ)
260 _aphnom penh
_bRUA
_c2008
300 _axiii,77p.
_cill.
856 _uhttps://drive.google.com/file/d/1zoXrYVED--DiEgHyRBXr0Zj9ez2a_AFz/view?usp=sharing
942 _cAGR
999 _c1018
_d1018